书目信息 |
| 题名: |
让思想冲破牢笼
|
|
| 作者: | 庞元正 刘维林 | |
| 分册: | ||
| 出版信息: | 北京 中国人民大学出版社 1998 |
|
| 页数: | 456 | |
| 开本: | 20cm | |
| 丛书名: | ||
| 单 册: | ||
| 中图分类: | B023.3 | |
| 科图分类: | ||
| 主题词: | 辩证唯物主义 | |
| 电子资源: | ||
| ISBN: | 7-300-02801-2 | |
| 000 | 00687nam0 2200193 450 | |
| 001 | 0760515518 | |
| 005 | 20070817164835.51 | |
| 010 | @a7-300-02801-2@d¥25.00 | |
| 100 | @a20070817d km y0chiy0120 ea | |
| 101 | 0 | @achi |
| 200 | 1 | @a让思想冲破牢笼@Arang si xiang chong po lao long@e真理标准讨论与新的思想解放@f庞元正 刘维林@Fpang yuan zheng liu wei lin |
| 210 | @a北京@c中国人民大学出版社@d1998 | |
| 215 | @a456@d20cm | |
| 517 | 1 | @a真理标准讨论与新的思想解放@Azhen li biao zhun tao lun yu xin de si xiang jie fang |
| 606 | 0 | @a辩证唯物主义 |
| 690 | @aB023.3@v3 | |
| 701 | 0 | @a庞元正 刘维林@Apang yuan zheng liu wei lin |
| 801 | 0 | @aCN@bPFT@c20070817 |
| 905 | @a213230@dB023.3@eg32@f1 | |
| 让思想冲破牢笼:真理标准讨论与新的思想解放/庞元正 刘维林.-北京:中国人民大学出版社,1998 |
| 456;20cm |
| ISBN 7-300-02801-2:¥25.00 |
| ● |
| 相关链接 |
|
|
|
|
正题名:让思想冲破牢笼
索取号:B023.3/g32
 
预约/预借
| 序号 | 登录号 | 条形码 | 馆藏地/架位号 | 状态 | 备注 |
| 1 | 6500209 | 265002098 | 经管系资料室/ [索取号:B023.3/g32] | 在馆 |